Bosnia and Herzegovina 2026 FIFA World Cup Squad - Statistics

General Stats
  • This quiz has been taken 64 times
  • The average score is 8 of 27
Answer Stats
# Position Player % Correct
10 FW © Edin Džeko
100%
DF Sead Kolašinac
66%
FW Ermedin Demirović
53%
GK Nikola Vasilj
45%
MF Esmir Bajraktarević
42%
DF Amar Dedić
37%
MF Benjamin Tahirović
34%
FW Haris Tabaković
34%
MF Kerim Alajbegović
34%
DF Tarik Muharemović
32%
MF Ivan Šunjić
29%
MF Ivan Bašić
26%
DF Nikola Katić
26%
MF Amar Memić
21%
MF Armin Gigović
21%
FW Jovo Lukić
21%
Manager Sergej Barbarez
21%
GK Martin Zlomislić
18%
DF Nidal Čelik
18%
MF Amir Hadžiahmetović
16%
DF Dennis Hadžikadunić
16%
MF Dženis Burnić
16%
GK Osman Hadžikić
16%
FW Samed Baždar
16%
DF Nihad Mujakić
13%
DF Stjepan Radeljić
13%
MF Ermin Mahmić
5%
No matching quizzes found
Score Distribution
Percent of People with Each Score
Percentile by Number Answered
Your Score History
You have not taken this quiz